000 00608nam a22002177a 4500
003 OSt
005 20151205083707.0
008 130307t xxu||||| |||| 00| 0 eng d
020 _a0471242853
050 _aQD 31.2
_b.H758 1996
082 _aIB 540
_b H74 1998
100 _aHolum R. John
245 _aFundamentals of general, organic, and biological chemistry :
_cJohn R. Holum
_bstudy guide
250 _a6th ed.
260 _aNew York :
_bJ. Wiley,
_cc1998.
300 _c26 cm.
_a613 [pages.
_bill.,
526 _c900L to 1010L
562 _e1
942 _2lcc
_cBK
_e6th ed.
999 _c2144
_d2144